Диатонические соотношения площадей кругов в различных правильных конфигурациях; Современное состояние и проблемы естественных наук

מידע ביבליוגרפי
Parent link:Современное состояние и проблемы естественных наук.— 2014.— [С. 109-114]
מחבר ראשי: Степанов А. П. Анатолий Петрович
מחבר תאגידי: Национальный исследовательский Томский политехнический университет (ТПУ) Юргинский технологический институт (филиал) (ЮТИ) Кафедра сварочного производства (КСП)
מחברים אחרים: Сотокина Ю. В. Юлия Владимировна, Филимоненко А. Г.
סיכום:Заглавие с титульного экрана
שפה:רוסית
יצא לאור: 2014
סדרה:Актуальные проблемы физики
נושאים:
גישה מקוונת:http://www.lib.tpu.ru/fulltext/c/2014/C68/036.pdf
פורמט: MixedMaterials אלקטרוני Book Chapter
KOHA link:https://koha.lib.tpu.ru/cgi-bin/koha/opac-detail.pl?biblionumber=605999

MARC

LEADER 00000naa2a2200000 4500
001 605999
005 20231101132400.0
035 |a (RuTPU)RU\TPU\conf\3362 
035 |a RU\TPU\conf\3361 
090 |a 605999 
100 |a 20140513d2014 k y0rusy50 ca 
101 0 |a rus 
102 |a RU 
105 |a y z 101zy 
135 |a drcn ---uucaa 
181 0 |a i  
182 0 |a b 
200 1 |a Диатонические соотношения площадей кругов в различных правильных конфигурациях  |f А. П. Степанов, Ю. В. Сотокина, А. Г. Филимоненко 
203 |a Текст  |c электронный 
225 1 |a Актуальные проблемы физики 
230 |a 1 компьютерный файл (pdf; 822 Кб) 
300 |a Заглавие с титульного экрана 
320 |a [Библиогр.: с. 114 (3 назв.)] 
337 |a Adobe Reader 
463 0 |0 (RuTPU)RU\TPU\conf\3116  |t Современное состояние и проблемы естественных наук  |o сборник трудов Всероссийской научно-практической конференции молодых ученых, аспирантов и студентов, г. Юрга, 17-18 апреля 2014 г.  |f Национальный исследовательский Томский политехнический университет (ТПУ), Юргинский технологический институт (филиал) (ЮТИ), Кафедра естественного научного образования (ЕНО) ; под ред. Е. В. Полицинского и др.  |v [С. 109-114]  |d 2014 
610 1 |a труды учёных ТПУ 
610 1 |a электронный ресурс 
610 1 |a диатонические соотношения 
610 1 |a площади 
610 1 |a круги 
610 1 |a конфигурации 
610 1 |a волновые движения 
700 1 |a Степанов  |b А. П.  |c специалист в области сварки  |c старший преподаватель Юргинского технологического института (филиал) Томского политехнического университета  |g Анатолий Петрович  |2 stltpush  |3 (RuTPU)RU\TPU\pers\24211 
701 1 |a Сотокина  |b Ю. В.  |c специалист в области сварки  |c инженер Юргинского технологического института (филиал) Томского политехнического университета  |g Юлия Владимировна  |2 stltpush  |3 (RuTPU)RU\TPU\pers\27412 
701 1 |a Филимоненко  |b А. Г. 
712 0 2 |a Национальный исследовательский Томский политехнический университет (ТПУ)  |b Юргинский технологический институт (филиал) (ЮТИ)  |b Кафедра сварочного производства (КСП)  |h 355  |2 stltpush  |3 (RuTPU)RU\TPU\col\18891 
801 2 |a RU  |b 63413507  |c 20140513  |g RCR 
856 4 |u http://www.lib.tpu.ru/fulltext/c/2014/C68/036.pdf 
942 |c BK